000 00481nab a2200145Ia 4500
003 ES-SlBCS
005 20210601134639.0
008 140529s1991 xxu||||| |||| 00| 0 spa d
041 _aspa
100 1 _aGonzález Blanco, Antonino
_990153
245 0 0 _aUna fuente indirecta para el conocimiento de la España bizantina
_c Antonino González Blanco
651 4 _aEspaña Bizantina
_9221019
773 0 _tAntigüedad y Cristianismo
_gnº. 8, 1991, págs. 23-50
_wRev1032
942 _cAR
999 _c615817
_d615817